|
|
|
|
| LEADER |
00000nam a2200000 a 4500 |
| 001 |
vtls001120880 |
| 003 |
SK-MaSNL |
| 005 |
20260301055951.0 |
| 008 |
250414s1987 xo 0 slo |
| 015 |
|
|
|a SNBA1988/04
|
| 035 |
|
|
|a SNK000063723
|
| 040 |
|
|
|a SNK
|b slo
|c SNK
|e AACR2
|
| 041 |
0 |
|
|a slo
|
| 044 |
|
|
|a xo
|c SK
|
| 080 |
|
|
|a 631.675(075.8)(076.5)
|2 1981
|
| 100 |
1 |
|
|a Húska, Dušan,
|d 1935-
|4 aut
|9 119818
|
| 245 |
1 |
0 |
|a Návody na cvičenia zo závlah
|c Dušan Húska, Mikuláš Látečka
|
| 250 |
|
|
|a 4. preprac. vyd.
|
| 260 |
|
|
|a Nitra
|b Vysoká škola poľnohospodárska
|c 1987
|e Nitra
|f Edičné stredisko VŠP
|
| 300 |
|
|
|a 293 s., 30,98 AH
|b Tb. Grafy. Sch.
|c 29 cm
|
| 366 |
|
|
|e 110 výtl.
|
| 500 |
|
|
|a Schválil rektor VŠP v Nitre ako skriptá. Rozmn.
|
| 700 |
1 |
|
|a Látečka, Mikuláš,
|d 1943-
|4 aut
|9 199157
|
| 852 |
|
|
|a Slovenská národná knižnica
|
| 958 |
|
|
|a OND
|
| 999 |
|
|
|c 614596
|d 616526
|
| 952 |
|
|
|a SNK
|b SNK
|y PREZ
|7 0
|p 17A0845995
|o snkSB 42860
|0 0
|1 0
|4 0
|d 2012-07-04
|f 1
|l 0
|r 2025-05-09 00:00:00
|w 2026-02-23
|
| 952 |
|
|
|t P60, <04>, [BOOK], {604}
|a SNK
|b SNK
|y VYP
|7 0
|p 17A0157114
|o snkSB 42860 D1
|0 0
|1 0
|4 0
|d 1998-08-31
|l 0
|r 2004-12-31 00:00:00
|w 2026-02-23
|